|
|
|
|
| LEADER |
00811nam a2200205 i 4500 |
| 001 |
misc74409 |
| 005 |
20231221095133.0 |
| 008 |
231211s1927 hu o 000 hun d |
| 040 |
|
|
|a SZTE Miscellanea Repozitórium
|b hun
|
| 041 |
|
|
|a hun
|
| 100 |
2 |
|
|a Marjalaki K. Lajos
|
| 245 |
1 |
0 |
|a Földrajz
|h [elektronikus dokumentum] :
|b a polgári fiúiskolák számára - II. rész: Európa /
|c Marjalaki K. Lajos
|
| 260 |
|
|
|a Királyi Magyar Egyetemi Nyomda
|b Budapest
|c 1927
|
| 300 |
|
|
|a 100
|
| 561 |
|
|
|a Archív földrajztankönyvek
|
| 591 |
|
|
|a Dr. Szilassi Péter magángyűjteménye
|
| 650 |
|
4 |
|a Természettudományok
|
| 650 |
|
4 |
|a Föld- és kapcsolódó környezettudományok
|
| 695 |
|
|
|a Földrajz - középiskola - tanköny
|
| 856 |
4 |
0 |
|u http://misc.bibl.u-szeged.hu/74409/1/foldrajz_tankonyv_084.pdf
|z Dokumentum-elérés
|